000 00382nam a2200157Ia 4500
008 241217s9999||||xx |||||||||||||| ||und||
020 _c0
040 _beng
_cSSK Library
_erda
082 _a688.791/SUL
100 _a Sylvester Anak Suli
245 0 _aSmart Fishing
260 _c©2017
942 _2Dewey Decimal Classification
_cBOOK
_nNo
999 _c27102
_d27102
003 OSt
005 20241217113041.0